Crisis política, sector financiero y manejo fiscal / (Registro nro. 11986)
[ vista simple ]
| 000 -LEADER | |
|---|---|
| fixed length control field | 01471nam a2200241Ia 4500 |
| 003 - CONTROL NUMBER IDENTIFIER | |
| control field | OSt |
| 005 - DATE AND TIME OF LATEST TRANSACTION | |
| control field | 20210721105551.0 |
| 008 - FIXED-LENGTH DATA ELEMENTS--GENERAL INFORMATION | |
| fixed length control field | 210310s1996 ck ao gr 000 0 spa d |
| 040 ## - CATALOGING SOURCE | |
| Original cataloging agency | CO-JMCR |
| Transcribing agency | CO-JMCR |
| 041 0# - LANGUAGE CODE | |
| Language code of text/sound track or separate title | spa |
| 082 04 - DEWEY DECIMAL CLASSIFICATION NUMBER | |
| Classification number | 332.1 / |
| Item number | C766c |
| Edition number | 23 |
| 111 2# - MAIN ENTRY--MEETING NAME | |
| Meeting name or jurisdiction name as entry element | Convención Bancaria y de Entidades Financieras |
| Number of part/section/meeting | (31a. : |
| Date of meeting or treaty signing | 1996 : |
| Location of meeting | Cartagena, Colombia) |
| 9 (RLIN) | 38592 |
| 245 10 - TITLE STATEMENT | |
| Title | Crisis política, sector financiero y manejo fiscal / |
| Statement of responsibility, etc. | Convención Bancaria y de Entidades Financieras |
| 260 ## - PUBLICATION, DISTRIBUTION, ETC. | |
| Place of publication, distribution, etc. | Cartagena, Colombia : |
| Name of publisher, distributor, etc. | Asociación Bancaria y de Entidades Financieras de Colombia, |
| Date of publication, distribution, etc. | 1996. |
| 300 ## - PHYSICAL DESCRIPTION | |
| Extent | 451 páginas : |
| Other physical details | ilustraciones, fotografías a color ; |
| Dimensions | 24 cm. |
| 490 ## - SERIES STATEMENT | |
| Series statement | Banca ; |
| Volume/sequential designation | 96 |
| 505 0# - FORMATTED CONTENTS NOTE | |
| Formatted contents note | Sesión de instalación. -- Diagnostico y perspectivas de la estructura fiscal colombiana. -- El sector financiero frente al crimen organizado. -- Panel sobre defensores del cliente. -- Panel sobre la organización de la política monetaria y el rol del sector financiero. -- Estructura de financiación de la industria colombiana y el sector financiero. -- Panel sobre la reforma pensional: resultados y perspectivas. |
| 650 14 - SUBJECT ADDED ENTRY--TOPICAL TERM | |
| Topical term or geographic name entry element | Crisis política |
| Form subdivision | Congresos, conferencias, |
| Geographic subdivision | Colombia |
| 9 (RLIN) | 26979 |
| 650 24 - SUBJECT ADDED ENTRY--TOPICAL TERM | |
| Topical term or geographic name entry element | Sistema financiero |
| Form subdivision | Congresos, conferencias |
| Geographic subdivision | Colombia |
| 9 (RLIN) | 38593 |
| 650 24 - SUBJECT ADDED ENTRY--TOPICAL TERM | |
| Topical term or geographic name entry element | Hacienda pública |
| Form subdivision | Colombia |
| Geographic subdivision | Congresos, conferencias, |
| 9 (RLIN) | 38594 |
| 711 1# - ADDED ENTRY--MEETING NAME | |
| Meeting name or jurisdiction name as entry element | Convención Bancaria y de Entidades Financieras |
| Location of meeting | (Cartagena |
| Date of meeting or treaty signing | 1996) |
| 9 (RLIN) | 38595 |
| 942 ## - ADDED ENTRY ELEMENTS (KOHA) | |
| Source of classification or shelving scheme | Dewey Decimal Classification |
| Koha item type | Books |
| Withdrawn status | Lost status | Source of classification or shelving scheme | Damaged status | Not for loan | Home library | Current library | Shelving location | Date acquired | Source of acquisition | Full call number | Barcode | Date last seen | Copy number | Price effective from | Koha item type |
|---|---|---|---|---|---|---|---|---|---|---|---|---|---|---|---|
| Dewey Decimal Classification | Biblioteca Pública José María del Castillo y Rada | Biblioteca Pública José María del Castillo y Rada | General Stacks | 04/15/2018 | Donación | 332.1 / C766c | 430002292 | 05/16/2024 | Ej.1 | 03/10/2021 | Books |